000 01129cam a2200361 i 4500
001 20911
003 CO-MdFUSB
005 20220903110613.0
008 160404b xxu||||| |||| 00| 0 eng d
020 _a978-0-674-99400-3
040 _cCO-MdFUSB
_aCO-MdFUSB
_dCO-MdFUSB
_erda
_bEspañol
041 _aeng
082 _a888
_bP737
_2scdd., 23 ed.
100 0 _aFilón,
_eAutor
245 1 0 _aPhilo
_c/ Filón ; traducido por F. H. Colson
_nIX
264 1 _aEngland
_b : Harvard University Press,
_c[1954]
264 4 _c© 1954
300 _aXII ; 546 pág
_c;
336 _2rdacontent
_atexto
_btxt
337 _2rdamedia
_asin mediación
_bn
338 _2rdacarrier
_avolumen
_bnc
347 _2rda
490 _aLoeb Classical Library
501 _aHardcover
505 _aCada buen hombre es libre -- En la vida contemplativa o suplicantes -- En la eternidad del mundo -- Flaco -- Hipotético
653 _aFilón de Alejandría
653 _aJudaísmo Helénico
720 _aColson, F. H.
_eTraductor
942 _cREF
945 _aEstudiante
999 _c47256
_d47256